Score 0/22 Timer 02:00
0 Plays Today
Quote Missing Word % Correct
Yada, yada, ___.yada
93.2%
It ___ going and going and going…keeps
90.1%
Live long and ___.prosper
86.6%
Don't make me ___...angry
73.7%
And that's the ___ it is.way
72.3%
___ me, would you have any Grey Poupon?Pardon
70.4%
Good night, and good ___luck
68.6%
Resistance is ___futile
64.8%
Do you believe in ___?miracles
63.3%
Good ___.grief
61.7%
What you ___ is what you get!see
53.7%
Quote Missing Word % Correct
___, Will RobinsonDanger
49.1%
___ it to me.sock
48.3%
Time to make the ___donuts
45.7%
It takes a ___...licking
40.3%
Yeah, that's the ___!ticket
37.1%
Holy ___!crap
34.3%
Here it is, your moment of ___.Zen
29.1%
Would you ___ ... ?believe
23.1%
You've got ___...spunk
17.3%
Oh, my ___!nose
16.3%
This is the ___...city
12.8%

Today's Daily Dose

Remove Ads.
Support Sporcle.
Get the best of Sporcle when you Go Orange. This ad-free experience offers more features, more stats, and more fun while also helping to support Sporcle. Thank you for becoming a member.

You're not logged in!

Compare scores with friends on all Sporcle quizzes.
OR
Log In

Show Comments

Extras

Top Quizzes Today


Score Distribution

Your Account Isn't Verified!

In order to create a playlist on Sporcle, you need to verify the email address you used during registration. Go to your Sporcle Settings to finish the process.

Report this User

Report this user for behavior that violates our Community Guidelines.

Details: